000 00897nac a22002777a 4500
001 BR8404038
003 BR-BrBNA
005 20240105120123.0
008 230509b bl.|||m| |||| 00| 0 por d
040 _aBR-BrBNA
_bpor
_cBiblioteca Nacional de Agricultura
072 _aN10; Q10
090 _aN10 BR8404038
100 1 _aSilva, J. de S. e
100 1 _aLacerda Filho, A.F.
110 1 _aUniversidade Federal de Vicosa, MG (Brasil). Conselho de Extensao
_910969
245 1 _aConstrucao de secador para produtos agricolas
260 3 _aVicosa, MG (Brasil):
_c1984.
300 _a17 p.
490 _aInforme Tecnico - Universidade Federal de Vicosa. Conselho de Extensao (Brazil)
_vv. 5(41)
_x
500 _a22 illus.
650 _aSECADOR
650 _aPRODUTO AGRICOLA
650 _aSECAGEM ARTIFICIAL
909 _a202312
_bLúcia Elande
_c55
_dLúcia Elande
942 _2AGRIS
_n0
_cMS
999 _c278019
_d278019